Statistiche per Riconosci il Calciatore - Quiz n°53

Clicka qui per fare il quiz!

Statistiche generali

  • Questo quiz è stato fatto 7 volte
  • Il punteggio medio è 15 su 19

Statistiche sulle risposte

IndizioRisposta% Corretto
Data di nascita23/09/1994
100%
NazionalitàColombia
100%
RuoloDifensore
100%
Squadra di club 6Fiorentina 2023-
100%
Trofei individuali0
80%
Trofei per nazionali0
80%
Squadra di club 4Barcellona 2018-2019
80%
Trofei per clubCampionato brasiliano: 1
Palmeiras: 2016
Campionato spagnolo: 1
Barcellona: 2017-2018
Coppa di Spagna: 1
Barcellona: 2017-2018
80%
Squadra di club 1Deportivo Pasto 2013-2014
80%
Squadra di club 5Everton 2019-2023
80%
Squadra di club 3Palmeiras 2016-2018
80%
Squadra di club 2Santa Fe 2014-2016
80%
Altezza195 cm
60%
Presenze nei club301
60%
Gol nei club31
60%
Presenze in nazionale43
60%
Gol in nazionale7
60%
Peso94 kg
60%
CalciatoreYerry Mina
60%

Distribuzione punteggi

Percentile per numero di risposta

Percentuale di utenti per punteggio

I tuoi punteggi nel tempo

Non hai fatto questo quiz